[Event "CYCC U10 w"]
[Site "Windsor CAN"]
[Date "2016.07.06"]
[Round "2.111"]
[White "Zhou, Madison"]
[Black "Tao, Kaitlyn"]
[Result "1/2-1/2"]
[WhiteElo "737"]
[BlackElo "626"]
[PlyCount "101"]
[EventDate "2016.07.05"]
[EventType "swiss"]
[EventRounds "7"]
[EventCountry "CAN"]

1. e4 e5 2. Nf3 Nc6 3. Bc4 Bc5 4. O-O Nf6 5. Nc3 O-O 6. d3 d6 7. Bg5 h6 8. Bh4
Bg4 9. h3 Be6 10. Nd5 a6 11. Nxf6+ gxf6 12. a3 Nd4 13. Nxd4 Bxd4 14. Rb1 Bxc4
15. dxc4 Qe7 16. Qg4+ Kh7 17. c3 Rg8 18. Qf5+ Rg6 19. cxd4 Qe6 20. dxe5 Qxf5
21. exf5 Rgg8 22. exf6 Rae8 23. Rbe1 Kh8 24. a4 a5 25. b3 c5 26. g3 Re5 27.
Rxe5 dxe5 28. Re1 Re8 29. Rd1 h5 30. Bg5 b6 31. Rd7 Kg8 32. h4 e4 33. Be3 Re5
34. Bd2 Rxf5 35. Rd8+ Kh7 36. Rd7 Rxf6 37. Bg5 Rf5 38. Rb7 Re5 39. Rxf7+ Kg6
40. Rf6+ Kg7 41. Rxb6 Kf7 42. Bf6 Rf5 43. Bc3 Rf3 44. Rb7+ Ke6 45. Bxa5 e3 46.
fxe3 Rxe3 47. Rb6+ Kf5 48. Bd2 Rxg3+ 49. Kf2 Kg4 50. Rg6+ Kxh4 51. Rxg3 1/2-1/2

[Event "CYCC U10 w"]
[Site "Windsor CAN"]
[Date "2016.07.06"]
[Round "3.103"]
[White "Guo, Veronica (Yu Han)"]
[Black "Gilani, Mysha"]
[Result "0-1"]
[WhiteElo "933"]
[BlackElo "1562"]
[PlyCount "150"]
[EventDate "2016.07.05"]
[EventType "swiss"]
[EventRounds "7"]
[EventCountry "CAN"]

1. e4 e5 2. Nf3 Nc6 3. Bc4 Bc5 4. c3 Nf6 5. d3 d6 6. O-O Bb6 7. Bb3 O-O 8. h3
h6 9. Re1 Ne7 10. Nbd2 Ng6 11. Nf1 Re8 12. Ng3 c6 13. Be3 d5 14. Qd2 Bxe3 15.
fxe3 dxe4 16. dxe4 Qxd2 17. Nxd2 h5 18. Rad1 h4 19. Nf5 Rd8 20. Nf3 Rxd1 21.
Rxd1 Nxe4 22. Rd8+ Kh7 23. N3xh4 Nxh4 24. Nxh4 g5 25. Nf3 Kg7 26. Nxe5 f6 27.
Rg8+ Kh7 28. Ng6 Nd6 29. Nf8+ Kh6 30. Rg6+ Kh5 31. Bd1+ Kh4 32. Rh6+ Kg3 33.
Rxf6 Ne4 34. Rf3+ Kh4 35. Ng6+ Kh5 36. Rf6+ Kh6 37. Rf8 Kxg6 38. Re8 Nf6 39.
Bc2+ Kf7 40. Rd8 Ke7 41. Rh8 b6 42. Kf2 c5 43. Kg3 Bb7 44. Rxa8 Bxa8 45. h4
gxh4+ 46. Kxh4 Bxg2 47. Kg3 Be4 48. Bxe4 Nxe4+ 49. Kf4 Nd2 50. e4 a5 51. Ke5
Nc4+ 52. Kd5 Nxb2 53. Kc6 Na4 54. c4 Ke6 55. Kb5 Nc3+ 56. Kxb6 Nxa2 57. Kxa5
Nc3 58. Kb6 Nxe4 59. Kc6 Ke5 60. Kb5 Kd4 61. Ka4 Kxc4 62. Ka3 Kd3 63. Kb2 c4
64. Kc1 Kc3 65. Kb1 Kd2 66. Kb2 c3+ 67. Kb3 c2 68. Kb4 c1=Q 69. Kb5 Qc3 70. Ka4
Qb2 71. Ka5 Qb3 72. Ka6 Qb4 73. Ka7 Qb5 74. Ka8 Nd6 75. Ka7 Qb7# 0-1

[Event "CYCC U10 w"]
[Site "Windsor CAN"]
[Date "2016.07.06"]
[Round "3.104"]
[White "Ye, Sarah"]
[Black "Shen, Isamel"]
[Result "0-1"]
[WhiteElo "835"]
[BlackElo "1242"]
[PlyCount "58"]
[EventDate "2016.07.05"]
[EventType "swiss"]
[EventRounds "7"]
[EventCountry "CAN"]

1. e4 e5 2. Nf3 Nc6 3. Bc4 Bc5 4. Nc3 Nf6 5. O-O O-O 6. d3 h6 7. Be3 Bb6 8. Re1
d6 9. h3 Be6 10. Bb3 Qd7 11. Qd2 Rfe8 12. Nd5 Bxd5 13. exd5 Ne7 14. c4 a5 15.
Bxb6 cxb6 16. a3 Rac8 17. Qd1 b5 18. Qd2 a4 19. Ba2 Nf5 20. b4 e4 21. Nh2 b6
22. d4 bxc4 23. g3 Nxd5 24. Bb1 c3 25. Qd1 e3 26. f3 Nxg3 27. h4 Qh3 28. Ra2
Nf4 29. b5 e2 0-1

[Event "CYCC U10 w"]
[Site "Windsor CAN"]
[Date "2016.07.06"]
[Round "3.105"]
[White "Wang, Jenna"]
[Black "Fan, Elaine"]
[Result "0-1"]
[WhiteElo "550"]
[BlackElo "676"]
[PlyCount "148"]
[EventDate "2016.07.05"]
[EventType "swiss"]
[EventRounds "7"]
[EventCountry "CAN"]

1. d4 d5 2. c4 Nf6 3. Nc3 Nc6 4. Nf3 Bg4 5. Bg5 dxc4 6. Qc2 Bxf3 7. exf3 Nxd4
8. Qd2 Ne6 9. Rd1 Qxd2+ 10. Bxd2 Nc5 11. Bxc4 e6 12. O-O Bd6 13. Rfe1 O-O 14.
Bg5 Nfd7 15. b4 Na6 16. a3 Ne5 17. Bxa6 bxa6 18. Ne4 Nc4 19. Re2 Nxa3 20. Nxd6
cxd6 21. Be7 Rfe8 22. Bxd6 Nc4 23. Bc5 Red8 24. Ra1 Rd7 25. h3 Rc8 26. Rxa6 Ra8
27. Rea2 Rb7 28. Bxa7 Rxb4 29. Bc5 Rxa6 30. Rxa6 Rb8 31. Ba7 Rc8 32. g4 h6 33.
Be3 Ne5 34. f4 Nc4 35. Ra1 Rd8 36. Rc1 Nb2 37. Rb1 Rd1+ 38. Rxd1 Nxd1 39. Kg2
Nc3 40. Bd4 Nd5 41. Kg3 Ne7 42. h4 h5 43. gxh5 Nf5+ 44. Kg4 Nxd4 45. f3 Kh8 46.
Kg3 Kh7 47. Kg4 Kh6 48. Kg3 Kxh5 49. Kh3 Nxf3 50. Kg2 Nxh4+ 51. Kg3 f6 52. Kf2
Kg4 53. Ke3 Ng2+ 54. Ke4 Nxf4 55. Kd4 g5 56. Ke3 Kh3 57. Ke4 g4 58. Kxf4 e5+
59. Ke3 Kh2 60. Kf2 g3+ 61. Kf1 g2+ 62. Ke1 g1=Q+ 63. Ke2 Qg3 64. Kd2 Qf3 65.
Kc2 Qe3 66. Kb2 Qd3 67. Ka2 Kg2 68. Kb2 Kf2 69. Ka2 Qc3 70. Kb1 Qd2 71. Ka1 Ke3
72. Kb1 Kd3 73. Ka1 Kc3 74. Kb1 Qb2# 0-1

[Event "CYCC U10 w"]
[Site "Windsor CAN"]
[Date "2016.07.06"]
[Round "3.106"]
[White "Calugar, Alice"]
[Black "Kuleshova, Julia"]
[Result "0-1"]
[WhiteElo "885"]
[BlackElo "1335"]
[PlyCount "78"]
[EventDate "2016.07.05"]
[EventType "swiss"]
[EventRounds "7"]
[EventCountry "CAN"]

1. e4 c6 2. d4 d5 3. exd5 cxd5 4. Nf3 Nc6 5. Bb5 a6 6. Ba4 Bg4 7. h3 Bh5 8. Nc3
e6 9. g4 Bg6 10. Ne5 Rc8 11. h4 b5 12. Nxc6 Rxc6 13. Bb3 h5 14. Bf4 Nf6 15. g5
Nd7 16. Qd2 Bf5 17. O-O-O Qc8 18. Rhe1 Be7 19. Kb1 Qd8 20. Rc1 O-O 21. Rg1 Qc8
22. Rg2 Bb4 23. a3 Bxc3 24. bxc3 Rxc3 25. Rg3 Rxg3 26. fxg3 Nb6 27. Bd6 Rd8 28.
Bb4 Nc4 29. Bxc4 dxc4 30. Ba5 Rd5 31. Bb4 e5 32. Bc3 exd4 33. Bxd4 Qd8 34. Rd1
a5 35. Qe3 b4 36. axb4 axb4 37. Kb2 Qd7 38. c3 Qa4 39. Rc1 Qa3# 0-1

[Event "CYCC U10 w"]
[Site "Windsor CAN"]
[Date "2016.07.06"]
[Round "3.107"]
[White "Lin, Angela"]
[Black "Surya, Dania"]
[Result "1-0"]
[WhiteElo "1203"]
[BlackElo "627"]
[PlyCount "123"]
[EventDate "2016.07.05"]
[EventType "swiss"]
[EventRounds "7"]
[EventCountry "CAN"]

1. d4 d5 2. Nf3 Nc6 3. c4 dxc4 4. e3 Qd5 5. Qe2 Be6 6. Nc3 Qa5 7. Nd2 Nf6 8.
Nxc4 Bxc4 9. Qxc4 e6 10. a3 Qf5 11. Bd3 Qg5 12. O-O Bd6 13. e4 Qh5 14. e5 Ng4
15. h3 Ngxe5 16. dxe5 Qxe5 17. f4 Bc5+ 18. Kh1 Qh5 19. Qe4 O-O-O 20. Be3 Bxe3
21. Qxe3 Rhg8 22. Rad1 g5 23. fxg5 Qxg5 24. Qxg5 Rxg5 25. Bxh7 Ne5 26. Rxd8+
Kxd8 27. Rd1+ Ke7 28. Nb5 Nc4 29. Nxc7 Nxb2 30. Rb1 Nc4 31. Rxb7 Nxa3 32. Nb5+
Kf6 33. Nxa3 Kg7 34. Bc2 Rc5 35. Rxa7 Re5 36. Rd7 Kf6 37. Rd3 Kg5 38. Rg3+ Kh4
39. Rg4+ Kh5 40. Re4 Rxe4 41. Bxe4 f5 42. Bf3+ Kh4 43. Kg1 Kg3 44. Kf1 e5 45.
Ke2 e4 46. Bxe4 fxe4 47. Kf1 e3 48. Ke2 Kxg2 49. h4 Kg3 50. h5 Kg4 51. h6 Kg5
52. h7 Kf5 53. h8=Q Ke4 54. Qh5 Kd4 55. Nc2+ Kc3 56. Kxe3 Kxc2 57. Qh4 Kd1 58.
Qf2 Kc1 59. Qd2+ Kb1 60. Kd3 Ka1 61. Kc3 Kb1 62. Qb2# 1-0

[Event "CYCC U10 w"]
[Site "Windsor CAN"]
[Date "2016.07.06"]
[Round "3.108"]
[White "Pobereshnikova, Faina"]
[Black "Wang, Sophia"]
[Result "1-0"]
[WhiteElo "745"]
[BlackElo "965"]
[PlyCount "33"]
[EventDate "2016.07.05"]
[EventType "swiss"]
[EventRounds "7"]
[EventCountry "CAN"]

1. e4 e6 2. d4 d5 3. e5 c5 4. c3 Nc6 5. Nf3 f6 6. Bf4 Qb6 7. b3 c4 8. Be2 Bd7
9. O-O O-O-O 10. Nbd2 fxe5 11. dxe5 d4 12. cxd4 Nxd4 13. Nxc4 Nxf3+ 14. Bxf3
Qb4 15. Qe2 Bb5 16. Qe4 Bc5 17. Qxb7# 1-0

[Event "CYCC U10 w"]
[Site "Windsor CAN"]
[Date "2016.07.06"]
[Round "3.109"]
[White "Boucher, Anne-Marie"]
[Black "Zhou, Madison"]
[Result "1-0"]
[WhiteElo "915"]
[BlackElo "737"]
[PlyCount "57"]
[EventDate "2016.07.05"]
[EventType "swiss"]
[EventRounds "7"]
[EventCountry "CAN"]

1. e4 e5 2. Nf3 Nc6 3. Bb5 a6 4. Ba4 Bc5 5. O-O Nf6 6. Nc3 O-O 7. d3 d6 8. Bg5
h6 9. Bh4 g5 10. Bg3 Bg4 11. h3 Be6 12. h4 Nh5 13. Qd2 b5 14. Bb3 Bxb3 15. cxb3
Nxg3 16. Rfe1 gxh4 17. Qxh6 b4 18. Nd1 Nd4 19. Nxh4 Nc2 20. Nf5 Nxf5 21. exf5
Nxe1 22. f6 Qxf6 23. Qxf6 Nxd3 24. Ne3 Bxe3 25. fxe3 Nxb2 26. Rf1 Rab8 27. Rf3
Kh7 28. Rh3+ Kg8 29. Qh8# 1-0

[Event "CYCC U10 w"]
[Site "Windsor CAN"]
[Date "2016.07.06"]
[Round "3.110"]
[White "Tao, Kaitlyn"]
[Black "Zhang, Wendy"]
[Result "0-1"]
[WhiteElo "626"]
[BlackElo "733"]
[PlyCount "60"]
[EventDate "2016.07.05"]
[EventType "swiss"]
[EventRounds "7"]
[EventCountry "CAN"]

1. e4 e5 2. Nf3 Nc6 3. Bc4 Bc5 4. Nc3 Nf6 5. d3 d6 6. O-O O-O 7. h3 h6 8. a3
Be6 9. Bb3 a6 10. Be3 Ba7 11. Ba2 Qe7 12. Bxa7 Rxa7 13. Bxe6 fxe6 14. Qe2 Raa8
15. Rad1 Nd4 16. Nxd4 exd4 17. Nb1 e5 18. Nd2 Qf7 19. Qf3 Rae8 20. Rc1 Qg6 21.
Nb3 b6 22. Qg3 Qh5 23. Rfd1 Re6 24. Nd2 Nd7 25. Nf3 Rg6 26. Kh2 Rxg3 27. Kxg3
Qg6+ 28. Kh4 Rf4+ 29. g4 Rxf3 30. Rg1 Qg5# 0-1

[Event "CYCC U10 w"]
[Site "Windsor CAN"]
[Date "2016.07.07"]
[Round "4.103"]
[White "Gilani, Mysha"]
[Black "Lin, Angela"]
[Result "1-0"]
[WhiteElo "1562"]
[BlackElo "1203"]
[PlyCount "65"]
[EventDate "2016.07.05"]
[EventType "swiss"]
[EventRounds "7"]
[EventCountry "CAN"]

1. d4 d5 2. c4 e6 3. Nc3 Nf6 4. cxd5 Nxd5 5. e4 Nxc3 6. bxc3 b6 7. Nf3 Bb7 8.
Bd3 Nd7 9. O-O a6 10. Be3 Be7 11. Qe2 Nf6 12. Bf4 O-O 13. Rad1 Re8 14. Bc2 Bd6
15. Bg3 Bxg3 16. fxg3 Qe7 17. Ne5 Rf8 18. g4 h6 19. h4 Nh7 20. Qf2 Qf6 21. Qg3
Qe7 22. Rf2 Qe8 23. g5 hxg5 24. hxg5 f6 25. gxf6 Rxf6 26. Rdf1 Qe7 27. Ng6 Qf7
28. Rxf6 Nxf6 29. e5 Nh5 30. Qg4 Nf4 31. Rxf4 Qd7 32. Qh4 Bxg2 33. Qh8# 1-0

[Event "CYCC U10 w"]
[Site "Windsor CAN"]
[Date "2016.07.07"]
[Round "4.104"]
[White "Shen, Isamel"]
[Black "Fan, Elaine"]
[Result "1-0"]
[WhiteElo "1242"]
[BlackElo "676"]
[PlyCount "133"]
[EventDate "2016.07.05"]
[EventType "swiss"]
[EventRounds "7"]
[EventCountry "CAN"]

1. e4 e5 2. Nf3 Nc6 3. Bc4 Bc5 4. O-O Nf6 5. d3 O-O 6. Bg5 d6 7. h3 Na5 8. Bb3
Nxb3 9. axb3 h6 10. Bh4 Be6 11. c3 Qd7 12. d4 exd4 13. cxd4 Bb6 14. d5 Bxh3 15.
gxh3 Qxh3 16. Re1 Nh5 17. Re3 Nf4 18. Qf1 Qxf1+ 19. Kxf1 Bxe3 20. fxe3 Ng6 21.
Bg3 Rfe8 22. Nbd2 Ne5 23. Nxe5 dxe5 24. Kf2 f6 25. Nc4 b5 26. Na5 Kf7 27. Nc6
a6 28. Nb4 a5 29. Nc6 a4 30. b4 Ra6 31. b3 axb3 32. Na5 c5 33. dxc6 Rc8 34. Rb1
g5 35. Rxb3 h5 36. Rc3 Ra7 37. Rc2 h4 38. Bh2 Ke7 39. Rc5 Kd6 40. Rd5+ Kc7 41.
Rxb5 Rb8 42. Rxb8 Kxb8 43. Kg2 Kc7 44. Bg1 Kb6 45. Bf2 Rh7 46. Kh2 g4 47. Be1
h3 48. Bf2 Kb5 49. Be1 Rg7 50. Kg3 Rh7 51. Kh2 Rf7 52. Bc3 f5 53. exf5 Rxf5 54.
c7 Rf2+ 55. Kg3 Rf8 56. Bxe5 Kxb4 57. Bd6+ Kb5 58. Bxf8 h2 59. Kxh2 g3+ 60.
Kxg3 Kxa5 61. c8=Q Kb6 62. Qc5+ Ka6 63. Qb4 Ka7 64. Bd6 Ka6 65. e4 Ka7 66. Qb5
Ka8 67. Qa6# 1-0

[Event "CYCC U10 w"]
[Site "Windsor CAN"]
[Date "2016.07.07"]
[Round "4.105"]
[White "Kuleshova, Julia"]
[Black "Ye, Sarah"]
[Result "1-0"]
[WhiteElo "1335"]
[BlackElo "835"]
[PlyCount "49"]
[EventDate "2016.07.05"]
[EventType "swiss"]
[EventRounds "7"]
[EventCountry "CAN"]

1. e4 e5 2. Nf3 Nc6 3. Bb5 Bd6 4. c3 a6 5. Ba4 Bc5 6. Bxc6 bxc6 7. Nxe5 Nf6 8.
d3 h6 9. O-O O-O 10. Nd2 d6 11. Nxc6 Qe8 12. Nd4 Rb8 13. h3 Bd7 14. N2b3 Bxd4
15. Nxd4 c5 16. Nc2 Qd8 17. Re1 Re8 18. Ne3 Be6 19. b3 a5 20. f4 Bd7 21. f5 Re5
22. Nc4 Re7 23. Nxd6 Rb6 24. Nc4 Rb7 25. g4 1-0

[Event "CYCC U10 w"]
[Site "Windsor CAN"]
[Date "2016.07.07"]
[Round "4.106"]
[White "Pobereshnikova, Faina"]
[Black "Guo, Veronica (Yu Han)"]
[Result "0-1"]
[WhiteElo "745"]
[BlackElo "933"]
[PlyCount "158"]
[EventDate "2016.07.05"]
[EventType "swiss"]
[EventRounds "7"]
[EventCountry "CAN"]

1. e4 e5 2. Bc4 Nf6 3. d3 Bc5 4. Nf3 d6 5. O-O Nc6 6. Nc3 h6 7. a3 a6 8. b4 Ba7
9. Bb2 O-O 10. Nd5 Be6 11. Qd2 Ne7 12. Nxf6+ gxf6 13. Bxe6 fxe6 14. Qxh6 Rf7
15. Qh5 Qf8 16. Bc1 Rh7 17. Qg4+ Qg7 18. Qxg7+ Rxg7 19. Bh6 Rg6 20. Be3 Bb6 21.
Bxb6 cxb6 22. Rab1 f5 23. Rb3 Rc8 24. Rc1 fxe4 25. dxe4 d5 26. exd5 Nxd5 27.
Nxe5 Rg5 28. Nf3 Rg7 29. Nd4 e5 30. Ne6 Rg6 31. Rd3 Nc3 32. Nd8 Ne2+ 33. Kf1
Nxc1 34. Rd1 Rxc2 35. Rd5 Rc8 36. Nxb7 Re6 37. Rd7 e4 38. Ke1 Nd3+ 39. Ke2 Rc2+
40. Ke3 Nxf2 41. Nd8 Nd1+ 42. Rxd1 Rc3+ 43. Kd4 Rd6+ 44. Kxc3 Rxd1 45. Ne6 e3
46. Nf4 Rd7 47. Ne2 Rh7 48. h3 Rg7 49. g4 Rh7 50. Nf4 Rf7 51. Ng2 Rf3 52. Kd3
Rxh3 53. Nxe3 Rg3 54. Ke4 Kf7 55. Kf4 Rg1 56. Kf5 Ke7 57. Nd5+ Kd6 58. Nxb6 Kc6
59. Nc8 Kb5 60. g5 Ka4 61. g6 Kxa3 62. Kf6 Kxb4 63. g7 a5 64. Kf7 a4 65. g8=Q
Rxg8 66. Kxg8 a3 67. Nb6 a2 68. Nd5+ Kb3 69. Nb4 Kxb4 70. Kf8 a1=Q 71. Ke7 Qe5+
72. Kf7 Qd6 73. Kg7 Qe6 74. Kf8 Qd7 75. Kg8 Kc5 76. Kh8 Kd5 77. Kg8 Ke6 78. Kh8
Kf6 79. Kg8 Qg7# 0-1

[Event "CYCC U10 w"]
[Site "Windsor CAN"]
[Date "2016.07.07"]
[Round "4.107"]
[White "Wang, Sophia"]
[Black "Wang, Jenna"]
[Result "1-0"]
[WhiteElo "965"]
[BlackElo "550"]
[PlyCount "95"]
[EventDate "2016.07.05"]
[EventType "swiss"]
[EventRounds "7"]
[EventCountry "CAN"]

1. e4 e5 2. Nf3 Nc6 3. Bc4 Nf6 4. Ng5 Rg8 5. Bxf7+ Ke7 6. Bxg8 Nxg8 7. Nxh7 Nf6
8. Nxf6 gxf6 9. Nc3 d6 10. Qh5 Be6 11. Nd5+ Bxd5 12. exd5 Nd4 13. Qh7+ Ke8 14.
O-O Qd7 15. Qg6+ Qf7 16. Qxf7+ Kxf7 17. c3 Nf5 18. Rd1 Nh4 19. g3 Nf3+ 20. Kg2
e4 21. d3 f5 22. h3 Rd8 23. g4 Be7 24. Be3 Nh4+ 25. Kg3 Kg6 26. gxf5+ Nxf5+ 27.
Kg2 Nh4+ 28. Kg3 Nf5+ 29. Kh2 Rg8 30. Rg1+ Kf7 31. Rxg8 Kxg8 32. Rg1+ Kh7 33.
dxe4 Nh4 34. Rg4 c5 35. dxc6 bxc6 36. Kg3 Kh8 37. Bg5 Bxg5 38. Rxg5 Nf3 39.
Kxf3 Kh7 40. Kf4 Kh6 41. Kf5 Kh7 42. Kf6 d5 43. Rg4 d4 44. cxd4 a5 45. a4 c5
46. dxc5 Kh8 47. Kf7 Kh7 48. Rh4# 1-0

[Event "CYCC U10 w"]
[Site "Windsor CAN"]
[Date "2016.07.07"]
[Round "4.108"]
[White "Calugar, Alice"]
[Black "Boucher, Anne-Marie"]
[Result "1-0"]
[WhiteElo "885"]
[BlackElo "915"]
[PlyCount "83"]
[EventDate "2016.07.05"]
[EventType "swiss"]
[EventRounds "7"]
[EventCountry "CAN"]

1. e4 e5 2. Nf3 Nc6 3. Bc4 d6 4. d4 Nf6 5. Nc3 Be7 6. dxe5 Ng4 7. exd6 cxd6 8.
Bf4 Qb6 9. O-O Qc5 10. Bb3 Qh5 11. Bxd6 Bxd6 12. Qxd6 f6 13. Ba4 Nh6 14. Bxc6+
bxc6 15. Qxc6+ Bd7 16. Qxa8+ Kf7 17. Qxh8 f5 18. Ne5+ Ke6 19. Nxd7 Kxd7 20.
Qxg7+ Ke6 21. exf5+ Kxf5 22. Qxh7+ Kg5 23. Qe7+ Kg4 24. Qe2+ Kg5 25. Qxh5+ Kxh5
26. f4 Ng4 27. f5 Kh4 28. Rf4 Kg5 29. Rxg4+ Kxg4 30. f6 Kg5 31. f7 a5 32. f8=Q
a4 33. Qf3 a3 34. bxa3 Kg6 35. Qf4 Kh7 36. Qg5 Kh8 37. Kf2 Kh7 38. Kf3 Kh8 39.
Kf4 Kh7 40. Kf5 Kh8 41. Kf6 Kh7 42. Qg7# 1-0

[Event "CYCC U10 w"]
[Site "Windsor CAN"]
[Date "2016.07.07"]
[Round "4.109"]
[White "Surya, Dania"]
[Black "Zhang, Wendy"]
[Result "0-1"]
[WhiteElo "627"]
[BlackElo "733"]
[PlyCount "118"]
[EventDate "2016.07.05"]
[EventType "swiss"]
[EventRounds "7"]
[EventCountry "CAN"]

1. e4 e5 2. d4 Nc6 3. Nf3 d6 4. dxe5 dxe5 5. Qxd8+ Kxd8 6. Bc4 Be6 7. Bxe6 fxe6
8. Bg5+ Be7 9. Nc3 Kd7 10. O-O-O+ Bd6 11. Nb5 h6 12. Bh4 g5 13. Bg3 Rd8 14.
Nxd6 cxd6 15. Nxe5+ Nxe5 16. Bxe5 Rh7 17. Rxd6+ Ke7 18. Rxd8 Kxd8 19. Rd1+ Ke7
20. Bd6+ Kf6 21. e5+ Kf5 22. f3 h5 23. h3 Kf4 24. Rd4+ Kg3 25. Rd2 Nh6 26. Bb8
a6 27. a4 Nf5 28. b4 Ne3 29. b5 axb5 30. axb5 Nxg2 31. c4 Kxh3 32. c5 Kg3 33.
Rd3 h4 34. Rd6 h3 35. c6 bxc6 36. bxc6 h2 37. c7 h1=Q+ 38. Kb2 Rxc7 39. Bxc7
Nf4 40. Rd7 Kxf3 41. Rg7 g4 42. Kc3 Nd5+ 43. Kd4 Nxc7 44. Rxc7 g3 45. Rf7+ Ke2
46. Rg7 g2 47. Kc5 g1=Q+ 48. Rxg1 Qxg1+ 49. Kd6 Qb6+ 50. Ke7 Ke3 51. Kf7 Ke4
52. Kf6 Kd5 53. Kg5 Qf2 54. Kg6 Kxe5 55. Kg7 Qf5 56. Kg8 Qf6 57. Kh7 Qg5 58.
Kh8 Kf6 59. Kh7 Qg7# 0-1

[Event "CYCC U10 w"]
[Site "Windsor CAN"]
[Date "2016.07.07"]
[Round "4.110"]
[White "Zhou, Madison"]
[Black "Calugar, Emma"]
[Result "1/2-1/2"]
[WhiteElo "737"]
[BlackElo "651"]
[PlyCount "54"]
[EventDate "2016.07.05"]
[EventType "swiss"]
[EventRounds "7"]
[EventCountry "CAN"]

1. e4 e5 2. Nf3 Nc6 3. Bc4 Nf6 4. Ng5 d5 5. exd5 Na5 6. d3 Nxc4 7. dxc4 h6 8.
Nf3 Bg4 9. h3 Bh5 10. O-O Bd6 11. a3 e4 12. g4 exf3 13. Re1+ Kf8 14. gxh5 Nxh5
15. Qxf3 Qd7 16. Qxh5 g6 17. Qe2 Re8 18. Qd1 Qxh3 19. Rxe8+ Kxe8 20. Qe1+ Kd8
21. Nc3 Qg4+ 22. Kf1 Qh3+ 23. Ke2 Re8+ 24. Be3 Bf4 25. Kd1 Qf3+ 26. Qe2 Qh1+
27. Qe1 Qf3+ 1/2-1/2

[Event "CYCC U10 w"]
[Site "Windsor CAN"]
[Date "2016.07.07"]
[Round "4.111"]
[White "Lariviere, Wen Shi"]
[Black "Tao, Kaitlyn"]
[Result "0-1"]
[WhiteElo "523"]
[BlackElo "626"]
[PlyCount "38"]
[EventDate "2016.07.05"]
[EventType "swiss"]
[EventRounds "7"]
[EventCountry "CAN"]

1. d4 d5 2. e4 e6 3. c4 Nf6 4. Nc3 dxe4 5. d5 Bb4 6. a3 Ba5 7. b4 exd5 8. cxd5
Bb6 9. Bb5+ Bd7 10. d6 O-O 11. f3 cxd6 12. fxe4 Nxe4 13. Nxe4 Bxb5 14. Bb2 Qh4+
15. Kd2 Qxe4 16. h3 Be3+ 17. Ke1 Qf4 18. Qg4 Qf2+ 19. Kd1 Qd2# 0-1

[Event "CYCC U10 w"]
[Site "Windsor CAN"]
[Date "2016.07.07"]
[Round "5.104"]
[White "Shen, Isamel"]
[Black "Gilani, Mysha"]
[Result "0-1"]
[WhiteElo "1242"]
[BlackElo "1562"]
[PlyCount "106"]
[EventDate "2016.07.05"]
[EventType "swiss"]
[EventRounds "7"]
[EventCountry "CAN"]

1. e4 e5 2. Nf3 Nc6 3. Bc4 Bc5 4. O-O Nf6 5. d3 d6 6. h3 h6 7. Nc3 O-O 8. Be3
Bb6 9. Qd2 Be6 10. Bb3 Qd7 11. Ne2 Ne7 12. Ng3 Ng6 13. c3 d5 14. exd5 Nxd5 15.
Qe2 Nxe3 16. fxe3 Bxb3 17. axb3 Nf4 18. Qd2 Qxd3 19. Qxd3 Nxd3 20. Nf5 Kh7 21.
Rad1 Rad8 22. Ne1 Nxb2 23. Rxd8 Rxd8 24. Rf3 Nd1 25. Kh2 Nxc3 26. Ng3 f6 27. e4
Rd1 28. Nc2 Bg1+ 29. Kh1 Bf2+ 30. Kh2 Bxg3+ 31. Rxg3 Nxe4 32. Re3 Nd2 33. Rc3
Rc1 34. g4 Nxb3 35. Rxb3 Rxc2+ 36. Kg3 b6 37. Rd3 a5 38. Rd8 a4 39. Ra8 b5 40.
h4 Rc3+ 41. Kf2 a3 42. Ke1 b4 43. Kd2 Rh3 44. Kc2 b3+ 45. Kc1 b2+ 46. Kb1 Rh1+
47. Kc2 b1=Q+ 48. Kc3 Rc1+ 49. Kd2 Qc2+ 50. Ke3 Re1+ 51. Kf3 Qe2+ 52. Kg3 Rg1+
53. Kh3 Qg2# 0-1

[Event "CYCC U10 w"]
[Site "Windsor CAN"]
[Date "2016.07.07"]
[Round "5.105"]
[White "Fan, Elaine"]
[Black "Kuleshova, Julia"]
[Result "1/2-1/2"]
[WhiteElo "676"]
[BlackElo "1335"]
[PlyCount "71"]
[EventDate "2016.07.05"]
[EventType "swiss"]
[EventRounds "7"]
[EventCountry "CAN"]

1. e4 c6 2. Nf3 d5 3. e5 Bg4 4. d4 e6 5. Be3 Qb6 6. b3 Ne7 7. Bd3 h6 8. O-O Nf5
9. h3 Bxf3 10. Qxf3 Nxd4 11. Qh5 c5 12. c3 Ndc6 13. b4 Qc7 14. bxc5 Qxe5 15. g4
Nd7 16. Bb5 Nxc5 17. Bd4 Qg5 18. Bxc5 Bxc5 19. Qxg5 hxg5 20. Nd2 Ke7 21. Rab1
Ne5 22. Be2 b6 23. Nf3 Nxg4 24. Nd4 Ne5 25. Ba6 g4 26. Rfe1 Bxd4 27. cxd4 Nc6
28. Bb7 Nxd4 29. Bxa8 Rxa8 30. Rbd1 Nc6 31. Rxd5 Rd8 32. Rxd8 Kxd8 33. Re3 gxh3
34. Rc3 Kd7 35. Rf3 Ke7 36. Rc3 1/2-1/2

[Event "CYCC U10 w"]
[Site "Windsor CAN"]
[Date "2016.07.07"]
[Round "5.106"]
[White "Guo, Veronica (Yu Han)"]
[Black "Calugar, Alice"]
[Result "1-0"]
[WhiteElo "933"]
[BlackElo "885"]
[PlyCount "107"]
[EventDate "2016.07.05"]
[EventType "swiss"]
[EventRounds "7"]
[EventCountry "CAN"]

1. e4 e5 2. Nf3 Nc6 3. Bc4 Nf6 4. d3 Bc5 5. c3 d6 6. O-O Bg4 7. h3 Bh5 8. Nbd2
Qd7 9. Re1 O-O-O 10. Nf1 h6 11. Ng3 Bg6 12. b4 Bb6 13. a4 a6 14. b5 Nb8 15. Nh4
a5 16. Be3 Bxe3 17. Rxe3 Rde8 18. d4 Re7 19. Nhf5 Bxf5 20. Nxf5 Ree8 21. Nxg7
Re7 22. Nf5 Ree8 23. Rg3 exd4 24. Qxd4 Nxe4 25. Rf3 Ng5 26. Rf4 Re5 27. h4 Ne6
28. Bxe6 Qxe6 29. Kf1 Re8 30. Ne3 c5 31. bxc6 Nxc6 32. Qc4 Qxc4+ 33. Nxc4 Rd5
34. Nb6+ Kc7 35. Nxd5+ Kd8 36. Rxf7 Re5 37. Nb6 Rc5 38. Rd7+ Ke8 39. Re1+ Kf8
40. Re4 Rxc3 41. Rf4+ Ke8 42. Rxd6 Rc1+ 43. Ke2 Rc2+ 44. Kd3 Nb4+ 45. Ke4 Re2+
46. Kf3 Rc2 47. Re6+ Kd8 48. Rd4+ Kc7 49. Rd7+ Kb8 50. Re8+ Ka7 51. Nc8+ Ka8
52. Nd6+ Ka7 53. Rxb7+ Ka6 54. Ra8# 1-0

[Event "CYCC U10 w"]
[Site "Windsor CAN"]
[Date "2016.07.07"]
[Round "5.107"]
[White "Lin, Angela"]
[Black "Pobereshnikova, Faina"]
[Result "1-0"]
[WhiteElo "1203"]
[BlackElo "745"]
[PlyCount "69"]
[EventDate "2016.07.05"]
[EventType "swiss"]
[EventRounds "7"]
[EventCountry "CAN"]

1. d4 d5 2. Nf3 Bf5 3. c4 Nf6 4. Nc3 e6 5. cxd5 exd5 6. b3 Bb4 7. Bb2 O-O 8. a3
Ba5 9. b4 Bb6 10. e3 Ne4 11. Be2 Nc6 12. O-O Qd7 13. Bb5 a6 14. Ne5 Qd6 15.
Nxe4 Bxe4 16. Be2 Rae8 17. f4 f6 18. Nf3 a5 19. b5 Ne7 20. Nd2 Nf5 21. Bg4 Nxe3
22. Nxe4 Rxe4 23. Qf3 Nxf1 24. Qxf1 Bxd4+ 25. Bxd4 Rxd4 26. g3 Re8 27. Re1 Rxe1
28. Qxe1 Kf7 29. Qxa5 b6 30. Qc3 Rc4 31. Qf3 Qc5+ 32. Kg2 d4 33. Qe4 Qe7 34.
Qd5+ Kg6 35. Qh5# 1-0

[Event "CYCC U10 w"]
[Site "Windsor CAN"]
[Date "2016.07.07"]
[Round "5.108"]
[White "Ye, Sarah"]
[Black "Wang, Sophia"]
[Result "1-0"]
[WhiteElo "835"]
[BlackElo "965"]
[PlyCount "83"]
[EventDate "2016.07.05"]
[EventType "swiss"]
[EventRounds "7"]
[EventCountry "CAN"]

1. e4 e6 2. Nf3 d5 3. exd5 exd5 4. d4 Qe7+ 5. Be2 Nc6 6. O-O Bf5 7. Nc3 Nf6 8.
Bf4 O-O-O 9. h3 Nb4 10. Bd3 Nxd3 11. cxd3 Qd7 12. Rc1 Bd6 13. Bxd6 cxd6 14. Re1
Nh5 15. Re7 Qxe7 16. Nxd5+ Kd7 17. Nxe7 Kxe7 18. g4 Bxg4 19. hxg4 Nf4 20. Qe1+
Kd7 21. Qe4 g5 22. Qxb7+ Ke6 23. Re1+ Kf6 24. Qe7+ Kg6 25. Qe4+ Kg7 26. Qe7
Rde8 27. Qxg5+ Ng6 28. Rc1 h6 29. Qf5 Ne7 30. Qa5 Rhg8 31. Qxa7 h5 32. g5 f6
33. Rc7 Kf7 34. Qb7 fxg5 35. Qd5+ Kg7 36. Kf1 Kf8 37. Qe6 Rg6 38. Qh3 g4 39.
Qxh5 gxf3 40. Qh8+ Ng8 41. Qh7 Rf6 42. Qg7# 1-0

[Event "CYCC U10 w"]
[Site "Windsor CAN"]
[Date "2016.07.07"]
[Round "5.109"]
[White "Zhang, Wendy"]
[Black "Calugar, Emma"]
[Result "1-0"]
[WhiteElo "733"]
[BlackElo "651"]
[PlyCount "57"]
[EventDate "2016.07.05"]
[EventType "swiss"]
[EventRounds "7"]
[EventCountry "CAN"]

1. e4 e5 2. Nf3 Nc6 3. Bc4 Nf6 4. d3 Bc5 5. O-O d6 6. Nc3 Be6 7. Bb3 Qd7 8. Be3
O-O-O 9. Ba4 Qe8 10. a3 Bxe3 11. fxe3 Rf8 12. b4 Bd7 13. Rb1 b6 14. Bb5 h5 15.
a4 g6 16. a5 Rg8 17. Ng5 h4 18. Rxf6 Qe7 19. Nd5 Qe8 20. Rxf7 Be6 21. Nf6 Qxf7
22. Nxf7 Bxf7 23. Nxg8 Bxg8 24. Bxc6 Be6 25. d4 g5 26. d5 Bf7 27. Qd3 Be8 28.
Qa6+ Kb8 29. Qb7# 1-0